000 00697nam a2200217Ii 4500
001 17178
003 CO-ViMGA
008 241108s9999||||xx |||||||||||||| ||und||
020 _a9789587221367
040 _aCO-ViMGA
_bspa
_erda
_cCO-ViMGA
041 0 _aspa
082 0 4 _a613.04 G71n
100 1 _aPatricia Granada Echeverri
_951112
245 1 0 _aNomadismos en la exclusión :
_bfamilias y desplazamiento forzado en Risaralda
264 1 _aBogotá, Colombia : Universidad Tecnológica de Pereira, 2011
300 _avolumen
336 _atext
_btxt
_2rdacontent
337 _aunmediated
_bn
_2rdamedia
338 _avolume
_bnc
_2rdacarrier
940 _aidficha_siabuc: 16843. -- ficha_no_siabuc:17178
999 _c45822
_d45822